Men's Name Songs - Statistics

General Stats
  • This quiz has been taken 19 times
  • The average score is 6 of 13
Answer Stats
Year Artist Album Answer % Correct
2000 Eminem The Marshall Mathers LP Stan
74%
1976 ABBA [song title] Fernando
68%
1958 Chuck Berry [single] Johnny B. Goode
68%
1980 Rick Springfield Working Class Dog Jessie's Girl
63%
1981 Toni Basil Word of Mouth Mickey
63%
1994 Rednex Sex & Violins Cotton Eye Joe
53%
2009 Lady Gaga The Fame Monster Alejandro
47%
1968 The Beatles [single] Hey Jude
47%
1973 Jim Croce Life and Times Bad, Bad, Leroy Brown
32%
1960 Ray Charles [single] Hit the Road Jack
32%
1968 The Rolling Stones [single] Jumpin' Jack Flash
21%
2010 Taylor Swift Speak Now Dear John
11%
1987 Suzanne Vega Solitude Standing Tom's Diner
11%
No matching quizzes found
Score Distribution
Percent of People with Each Score
Percentile by Number Answered
Your Score History
You have not taken this quiz